000
00329nam a22001457a 4500
008
230913b ||||| |||| 00| 0 eng d
020
_a
9780691016061
041
_a
eng
080
_a
521
082
_a
521BAH
100
_a
19
101
_a
ASTRO
245
_a
UNSOLVED PROBLEMS IN ASTROPHYSICS
_c
BAHCALL.N.J
942
_2
udc
_c
BK
999
_c
60378
_d
60378